نظرة تاريخية في حدوث المذاهب الفقهية الأربعة : (رقم التسجيلة. 69299)

تفاصيل مارك
000 -الفاتح
عناصر البيانات ثابتة الطول 00839cam a2200193 i 4500
005 - تاريخ ووقت آخر معاملة
حقل ضبط 20251217104143.0
008 - عناصر البيانات ثابتة الطول
عناصر البيانات ثابتة الطول 250721s1995 le gr 000 0 ara d
082 14 - رقم تصنيف ديوي العشري
رقم التصنيف 217
رقم المادة أ ح م
100 1# - مدخل رئيسي – اسم شخصي
الاسم الشخصي تيمور، أحمد
علاقة الشخص بالعمل/ دوره مؤلف.
245 10 - بيان العنوان
العنوان نظرة تاريخية في حدوث المذاهب الفقهية الأربعة :
بقية العنوان الحنفي - المالكي - الشافعي - الحنبلي /
بيان المسؤولية تاليف العلامه احمد تيمور باشا ؛ تقديم الشيخ محمد ابو زهرة.
250 ## - بيان الطبعة
بيان الطبعة الطبعه الثانيه.
264 31 - بيانات النشر، التوزيع…إلخ
مكان النشر، التوزيع...إلخ بيروت :
اسم الناشر، الموزع...إلخ دار القادري،
تاريخ النشر، التوزيع...إلخ 1995.
300 ## - الوصف المادي
عدد الوحدات المكونة للوعاء 96 صفحه.
650 17 - مدخل إضافي بالموضوع - مصطلح موضوعي
مصطلح موضوعي أو اسم جغرافي كعنصر مدخل المذاهب الإسلامية.
650 17 - مدخل إضافي بالموضوع - مصطلح موضوعي
مصطلح موضوعي أو اسم جغرافي كعنصر مدخل الفقه الإسلامية.
700 1# - مدخل إضافي - اسم شخصي
الاسم الشخصي ابو زهرة.محمد
علاقة الشخص بالعمل/ دوره مقدم.
942 ## - بيانات إضافية (كوها)
نوع التنصيف Dewey Decimal Classification
نوع المادة (كوها) كتب
المقتنيات
حالة السحب حالة الفقدان مصدر التصنيف حالة التلف غير قابل للإعارة المكتبة الرئيسية المكتبة الحالية موقع الرف تاريخ التزويد الرقم المتسلسل Total Checkouts رقم الإستدعاء الباركود تاريخ آخر ظهور تاريخ الفاتورة نوع المادة (كوها)
    Dewey Decimal Classification     المكتبة المركزية المكتبة المركزية الإعارة 06/07/2004 322424   217 / أ ح م 322424 28/07/2025 06/07/2004 كتب
    Dewey Decimal Classification Unchecked   مكتبة الحسن العامة مكتبة الحسن العامة الإعارة 06/07/2004 9290   217/أحم   28/07/2025 06/07/2004 كتب
Implemented & Customized by: BBB with SCIT (Smart Chains for Information Technology)

Powered by Koha